A little princess / (Record no. 7204)

MARC details
000 -LEADER
fixed length control field 01314nam a22002897a 4500
001 - CONTROL NUMBER
control field 7204
003 - CONTROL NUMBER IDENTIFIER
control field FISKH
005 - DATE AND TIME OF LATEST TRANSACTION
control field 20250702135138.0
008 - FIXED-LENGTH DATA ELEMENTS--GENERAL INFORMATION
fixed length control field 250702b cb ||||| |||| 00| 0 eng d
020 ## - INTERNATIONAL STANDARD BOOK NUMBER
International Standard Book Number 9780679850908
040 ## - CATALOGING SOURCE
Original cataloging agency FISKH
Language of cataloging eng
Transcribing agency FISKH
Modifying agency FISKH
050 ## - LIBRARY OF CONGRESS CALL NUMBER
Classification number PZ7.D85445 L
082 ## - DEWEY DECIMAL CLASSIFICATION NUMBER
Classification number 511
100 ## - MAIN ENTRY--PERSONAL NAME
Personal name Burnett, Hodgson Frances
Dates associated with a name (1849–1924)
245 ## - TITLE STATEMENT
Title A little princess /
Statement of responsibility, etc. By Frances Hodgson Burnett / Adapted by Cathy East Dubowski
250 ## - EDITION STATEMENT
Edition statement This edition first published in 1994
260 ## - PUBLICATION, DISTRIBUTION, ETC.
Place of publication, distribution, etc. London :
Name of publisher, distributor, etc. Bullseye,
Date of publication, distribution, etc. 1994
300 ## - PHYSICAL DESCRIPTION
Extent 107 pages :
Dimensions 20 cm
505 ## - FORMATTED CONTENTS NOTE
Formatted contents note G<br/>
520 ## - SUMMARY, ETC.
Summary, etc. Classic Literature. Juvenile Fiction. Juvenile Literature. HTML:Sara Crewe is a student at Miss Minchin's fancy boarding school. She has the very best of everything. But when her rich father dies, she's left without a penny. Now Sara lives in the school's cold attic and works for crusts of bread. With some help from a secret friend and a touch of magic, Sara's world is about to change in ways she never dreamed. An adaptation of the classic novel that's just right for young readers!<br/><br/>From the Trade Paperback edition.<br/>
521 8# - TARGET AUDIENCE NOTE
Target audience note 320<br/>
Source Lexile<br/>
521 8# - TARGET AUDIENCE NOTE
Target audience note G<br/>
Source Raz-Plus<br/>
650 ## - SUBJECT ADDED ENTRY--TOPICAL TERM
Source of heading or term Family
Topical term or geographic name entry element Children
650 ## - SUBJECT ADDED ENTRY--TOPICAL TERM
Source of heading or term Classics
Topical term or geographic name entry element Orphan
942 ## - ADDED ENTRY ELEMENTS (KOHA)
Source of classification or shelving scheme Dewey Decimal Classification
Koha item type Books
Suppress in OPAC No
Holdings
Withdrawn status Lost status Source of classification or shelving scheme Damaged status Not for loan Collection Home library Current library Shelving location Date acquired Total Checkouts Full call number Barcode Date last seen Copy number Price effective from Koha item type
    Dewey Decimal Classification     Juvenile Fiction Footprints International School Library Network Toul Tom Poung Campus Footprints International School Library Network Toul Tom Poung Campus TTP Primary Green Bookshelves 07/02/2025   BUR 511 PZ7.D85445 L FIS00116 07/02/2025 1 07/02/2025 Books